[Event "Moscow op-A 19th"]
[Site "Moscow"]
[Date "2023.07.22"]
[Round "8"]
[White "Lintchevski, Daniil"]
[Black "Ivanov, Oleg"]
[Result "1/2-1/2"]
[WhiteElo "2561"]
[BlackElo "2425"]
[PlyCount "177"]
[EventDate "2023.07.17"]
[EventType "swiss"]
[EventRounds "9"]
[EventCountry "RUS"]
[SourceTitle "CBM 215 Extra"]
[Source "ChessBase"]
[SourceDate "2023.09.30"]
[SourceVersion "1"]
[SourceVersionDate "2023.09.30"]
[SourceQuality "1"]

1. e4 e5 2. Nf3 Nf6 3. d4 Nxe4 4. Bd3 d5 5. Nxe5 Nd7 6. Nc3 Nxe5 7. dxe5 Bb4 8. 0-0 Nxc3 9. bxc3 Bxc3 10. Rb1 0-0 11. Bxh7+ Kxh7 12. Qd3+ Kg8 13. Qxc3 d4 14. Qg3 Qd7 15. h3 Qf5 16. Bg5 Qg6 17. Rb3 Be6 18. Rf3 Bd5 19. Rf4 c5 20. h4 Kh7 21. c4 Bxc4 22. Rc1 b5 23. h5 Qd3 24. Qxd3+ Bxd3 25. Rxc5 Bc4 26. Rxd4 Rfc8 27. Rxc8 Rxc8 28. a3 Be6 29. f3 a5 30. Be7 Rc4 31. Rxc4 bxc4 32. Bd8 a4 33. Ba5 f6 34. exf6 gxf6 35. Kf2 Bf7 36. g4 f5 37. Ke3 fxg4 38. fxg4 Be6 39. Kf4 Bd7 40. Bd2 Be6 41. g5 Bf7 42. g6+ Bxg6 43. hxg6+ Kxg6 44. Ke5 Kf7 45. Kd6 Ke8 46. Kc7 Ke7 47. Bb4+ Ke8 48. Kc8 Kf7 49. Kd7 Kf6 50. Bc3+ Kf7 51. Bd4 Kf8 52. Kd6 Ke8 53. Bf6 Kf7 54. Bc3 Ke8 55. Ba5 Kf7 56. Bb4 Ke8 57. Kc7 Kf7 58. Kd8 Ke6 59. Ke8 Kf6 60. Kd7 Kf7 61. Bd2 Kf8 62. Kc6 Ke8 63. Bg5 c3 64. Bf6 c2 65. Bg5 Kf7 66. Kd6 Kg6 67. Bc1 Kf7 68. Bd2 Ke8 69. Bg5 Kf7 70. Kd7 Kg6 71. Bc1 Kf7 72. Bb2 Kf8 73. Bc1 Kf7 74. Be3 Kf8 75. Ke6 Ke8 76. Bg5 c1Q 77. Bxc1 Kd8 78. Kd6 Kc8 79. Kc6 Kb8 80. Bf4+ Ka8 81. Kc7 Ka7 82. Bg3 Ka8 83. Kc8 Ka7 84. Bb8+ Ka8 85. Be5 Ka7 86. Kc7 Ka8 87. Kc6 Ka7 88. Bd4+ Ka8 89. Kc7 1/2-1/2

[Event "Titled Tuesday intern op 18th Jan"]
[Site "Chess.com INT"]
[Date "2022.01.18"]
[Round "5"]
[White "Ivanov, Oleg"]
[Black "Ozer, Omer Faruk"]
[Result "0-1"]
[WhiteElo "2458"]
[BlackElo "2317"]
[PlyCount "66"]
[EventDate "2022.01.18"]
[EventType "swiss (blitz)"]
[EventRounds "11"]
[EventCountry "USA"]
[SourceTitle "CBM 206 Extra"]
[Source "ChessBase"]
[SourceDate "2022.03.31"]
[SourceVersion "1"]
[SourceVersionDate "2022.03.31"]
[SourceQuality "1"]

1. c4 e6 2. Nf3 d5 3. g3 Nf6 4. Bg2 Be7 5. 0-0 0-0 6. d4 dxc4 7. Qc2 b6 8. Ne5 Qxd4 9. Bxa8 Qxe5 10. Bf4 Qh5 11. Bf3 Ng4 12. Bxg4 Qxg4 13. f3 Qh5 14. Bxc7 Qc5+ 15. Kg2 Qxc7 16. Nd2 b5 17. a4 a6 18. axb5 axb5 19. b3 c3 20. Rfc1 b4 21. Nc4 Nc6 22. Rd1 Bb7 23. h4 Bf6 24. e3 Ne5 25. Nxe5 Bxe5 26. g4 Bh2 27. Qf2 Be5 28. Rac1 Rd8 29. e4 Bf4 30. Rxd8+ Qxd8 31. Rc2 h6 32. Qa7 Qd3 33. Rf2 c2 0-1

[Event "Titled Tuesday intern op 10th Aug"]
[Site "Chess.com INT"]
[Date "2021.08.10"]
[Round "8"]
[White "Ivanov, Oleg"]
[Black "Bazarov, Konstantin"]
[Result "1/2-1/2"]
[WhiteElo "2458"]
[BlackElo "2226"]
[PlyCount "101"]
[EventDate "2021.08.10"]
[EventType "swiss (blitz)"]
[EventRounds "11"]
[EventCountry "USA"]
[SourceTitle "CBM 203 Extra"]
[Source "ChessBase"]
[SourceDate "2021.09.30"]
[SourceVersion "1"]
[SourceVersionDate "2021.09.30"]
[SourceQuality "1"]

1. e4 d5 2. exd5 Qxd5 3. Nf3 Nc6 4. d4 e5 5. Nc3 Bb4 6. Bd2 Bxc3 7. Bxc3 e4 8. Ne5 Nxe5 9. dxe5 Ne7 10. Qe2 Bf5 11. Rd1 Qc6 12. Qc4 0-0 13. Qxc6 Nxc6 14. Bb5 Rfd8 15. Bxc6 bxc6 16. Ke2 Bg4+ 17. f3 exf3+ 18. gxf3 Be6 19. Ke3 Rab8 20. b3 Bf5 21. Ba5 Rxd1 22. Rxd1 Bxc2 23. Rc1 Bf5 24. Rxc6 Bb1 25. Bxc7 Rb7 26. Bd6 h6 27. Ra6 Kh7 28. Bc5 Rb5 29. Bd4 Rb7 30. f4 Rc7 31. Rxa7 Rxa7 32. Bxa7 Bxa2 33. b4 Kg6 34. Kd4 Kf5 35. b5 Be6 36. Kc5 Kxf4 37. Bb8 Kf3 38. Kd6 Bf5 39. b6 Be4 40. Ke7 Bd5 41. Kf8 g5 42. Ke7 g4 43. Bd6 h5 44. Kd7 h4 45. Kc7 g3 46. e6 fxe6 47. Bxg3 hxg3 48. hxg3 Kxg3 49. Kd6 Kf4 50. b7 Bxb7 51. Kxe6 1/2-1/2

[Event "Titled Tuesday intern op 10th Aug"]
[Site "Chess.com INT"]
[Date "2021.08.10"]
[Round "4"]
[White "Ivanov, Oleg"]
[Black "Song, Michael"]
[Result "1/2-1/2"]
[WhiteElo "2458"]
[BlackElo "2421"]
[PlyCount "147"]
[EventDate "2021.08.10"]
[EventType "swiss (blitz)"]
[EventRounds "11"]
[EventCountry "USA"]
[SourceTitle "CBM 203 Extra"]
[Source "ChessBase"]
[SourceDate "2021.09.30"]
[SourceVersion "1"]
[SourceVersionDate "2021.09.30"]
[SourceQuality "1"]

1. Nf3 Nf6 2. d4 d5 3. c4 c6 4. cxd5 cxd5 5. Nc3 Nc6 6. Bf4 Bf5 7. e3 e6 8. Bb5 Rc8 9. Ne5 Nd7 10. Nxc6 bxc6 11. Ba6 Ra8 12. Bb7 Rb8 13. Bxc6 Rxb2 14. Qa4 Bb4 15. Rc1 0-0 16. 0-0 Nb6 17. Qxa7 Nc4 18. e4 dxe4 19. Bxe4 Bxc3 20. Bxf5 Bxd4 21. Qa4 Nb6 22. Qc6 exf5 23. Bc7 Qf6 24. Qf3 Na4 25. Qa3 Ra8 26. Bg3 Qa6 27. Rfe1 g6 28. Qe7 Rb7 29. Qa3 Nc5 30. Qf3 Ne4 31. Rcd1 Qa4 32. Qd3 Rd7 33. Qf3 Rad8 34. Rb1 Qxa2 35. Kh1 Qd5 36. h3 Bxf2 37. Bxf2 Nxf2+ 38. Qxf2 Qd4 39. Qf1 Kg7 40. Qg1 Qf6 41. Rf1 Re7 42. Rbe1 Rde8 43. Rxe7 Rxe7 44. Qf2 h5 45. Re1 Rxe1+ 46. Qxe1 h4 47. Qf1 Qe5 48. Qd1 g5 49. Qf1 Kg6 50. Qd1 Qe4 51. Qd6+ Qe6 52. Qd2 g4 53. hxg4 fxg4 54. Qd3+ Qf5 55. Qd6+ f6 56. Qf8 Qf1+ 57. Kh2 Qf4+ 58. Kg1 Qe3+ 59. Kf1 h3 60. Qg8+ Kf5 61. Qc8+ Kf4 62. Qc7+ Kg5 63. Qg7+ Kf5 64. Qh7+ Kf4 65. Qh6+ Ke4 66. Qg6+ f5 67. Qe6+ Kd4 68. Qb6+ Kd3 69. Qb3+ Kd2 70. Qb2+ Kd3 71. Qb3+ Ke4 72. Qe6+ Kd4 73. Qb6+ Kd3 74. Qb3+ 1/2-1/2

[Event "Titled Tuesday intern op 10th Aug"]
[Site "Chess.com INT"]
[Date "2021.08.10"]
[Round "3"]
[White "Ovchinnikov, Vsevolod"]
[Black "Ivanov, Oleg"]
[Result "0-1"]
[WhiteElo "2426"]
[BlackElo "2458"]
[PlyCount "86"]
[EventDate "2021.08.10"]
[EventType "swiss (blitz)"]
[EventRounds "11"]
[EventCountry "USA"]
[SourceTitle "CBM 203 Extra"]
[Source "ChessBase"]
[SourceDate "2021.09.30"]
[SourceVersion "1"]
[SourceVersionDate "2021.09.30"]
[SourceQuality "1"]

1. d4 f5 2. g3 Nf6 3. Bg2 e6 4. Nf3 d5 5. c4 c6 6. 0-0 Bd6 7. Nc3 0-0 8. Qc2 Qe7 9. Rb1 Nbd7 10. a3 b6 11. b4 Bb7 12. c5 Bc7 13. Bf4 Bxf4 14. gxf4 Ne4 15. e3 Ba6 16. Rfc1 Bc4 17. Nd2 Nxd2 18. Qxd2 b5 19. a4 a6 20. Kh1 Kh8 21. Bf1 Qh4 22. Bxc4 dxc4 23. Rg1 Nf6 24. f3 Rg8 25. Rg3 Nd5 26. Rbg1 Nxb4 27. axb5 axb5 28. Nxb5 Ra2 29. Nd6 h6 30. Nf7+ Kh7 31. Qxa2 Nxa2 32. Kg2 Nc3 33. Ng5+ hxg5 34. Rh3 Qxh3+ 35. Kxh3 gxf4 36. exf4 Nd5 37. Rc1 c3 38. Kg3 Rb8 39. h4 Rb2 40. h5 Kh6 41. Rd1 c2 42. Rc1 Nb4 43. Kf2 Rb1 0-1

[Event "Titled Tuesday intern op 10th Aug"]
[Site "Chess.com INT"]
[Date "2021.08.10"]
[Round "7"]
[White "Skatchkov, Valery"]
[Black "Ivanov, Oleg"]
[Result "1-0"]
[WhiteElo "2291"]
[BlackElo "2458"]
[PlyCount "87"]
[EventDate "2021.08.10"]
[EventType "swiss (blitz)"]
[EventRounds "11"]
[EventCountry "USA"]
[SourceTitle "CBM 203 Extra"]
[Source "ChessBase"]
[SourceDate "2021.09.30"]
[SourceVersion "1"]
[SourceVersionDate "2021.09.30"]
[SourceQuality "1"]

1. d4 d5 2. c4 e6 3. Nf3 Nf6 4. g3 Be7 5. Bg2 0-0 6. 0-0 c6 7. Qc2 Nbd7 8. Nbd2 b6 9. Rd1 Bb7 10. e4 dxc4 11. Nxc4 c5 12. d5 exd5 13. exd5 Bxd5 14. Bf4 Qc8 15. Nd6 Bxd6 16. Bxd6 Re8 17. Rxd5 Nxd5 18. Ng5 N5f6 19. Qc4 h6 20. Qxf7+ Kh8 21. Ne6 Rg8 22. Nc7 Rb8 23. Re1 Rb7 24. Bxb7 Qxb7 25. Re7 Qc6 26. Bf4 Nf8 27. Ne6 Nxe6 28. Rxe6 Qd7 29. Rxf6 Qd1+ 30. Kg2 gxf6 31. Qxf6+ Rg7 32. Bxh6 Qd5+ 33. f3 Qf7 34. Bxg7+ Qxg7 35. Qxg7+ Kxg7 36. Kf2 Kf6 37. Ke2 Ke5 38. h4 c4 39. g4 b5 40. a3 b4 41. Kd2 a5 42. axb4 axb4 43. h5 Kf6 44. f4 1-0

[Event "Moscow op-A 15th"]
[Site "Moscow"]
[Date "2019.01.30"]
[Round "5"]
[White "Ivanov, Oleg"]
[Black "Diakonova, Ekaterina"]
[Result "1-0"]
[WhiteElo "2429"]
[BlackElo "2225"]
[PlyCount "93"]
[EventDate "2019.01.26"]
[EventType "swiss"]
[EventRounds "9"]
[EventCountry "RUS"]
[SourceTitle "CBM 188 Extra"]
[Source "ChessBase"]
[SourceDate "2019.02.26"]
[SourceVersion "1"]
[SourceVersionDate "2019.02.26"]
[SourceQuality "1"]

1. e4 c5 2. Nf3 e6 3. g3 d5 4. exd5 exd5 5. d4 Nc6 6. Bg2 Nf6 7. 0-0 cxd4 8. Nxd4 Be7 9. c4 0-0 10. Nc3 Nxd4 11. Qxd4 dxc4 12. Qxc4 Be6 13. Qb5 Qd7 14. Qxd7 Nxd7 15. Bxb7 Rab8 16. Bd5 Bh3 17. Bg2 Bxg2 18. Kxg2 Bf6 19. Rd1 Nc5 20. Be3 Ne6 21. Rab1 a6 22. Na4 Rfc8 23. Rbc1 Rxc1 24. Rxc1 Nd4 25. b3 Nf5 26. Ba7 Rd8 27. Rc6 h5 28. Rxa6 Rd2 29. Nc5 Rb2 30. Nd3 Rd2 31. Nf4 h4 32. g4 Nd6 33. Be3 Rd1 34. Rc6 Bb2 35. Rc2 Ba3 36. Rd2 Ra1 37. Nd5 Kh7 38. f3 Bc1 39. Bd4 Rb1 40. Nc3 Ra1 41. Ne2 Bxd2 42. Bxa1 Nb7 43. Bc3 Be3 44. f4 f5 45. Kf3 Bb6 46. gxf5 Nd6 47. f6 1-0

[Event "Baharov Memorial op 17th"]
[Site "Sofia"]
[Date "2009.11.19"]
[Round "2"]
[White "Orev, Petar"]
[Black "Ivanov, Oleg"]
[Result "1-0"]
[WhiteElo "2235"]
[BlackElo "2425"]
[PlyCount "59"]
[EventDate "2009.11.18"]
[EventType "swiss"]
[EventRounds "7"]
[EventCountry "BUL"]
[SourceTitle "CBM 133 Extra"]
[Source "ChessBase"]
[SourceDate "2010.01.05"]
[SourceVersion "1"]
[SourceVersionDate "2010.01.05"]
[SourceQuality "1"]

1. e4 c6 2. d4 d6 3. Be3 g6 4. c4 Bg7 5. Nc3 e5 6. Nge2 Nd7 7. Qd2 Ne7 8. 0-0-0 f5 9. f4 Qa5 10. fxe5 dxe5 11. d5 f4 12. Bf2 0-0 13. d6 Nf5 14. exf5 gxf5 15. Qc2 Nb6 16. Bxb6 Qxb6 17. d7 Bxd7 18. Rxd7 a5 19. Na4 Qe3+ 20. Qd2 Qxd2+ 21. Rxd2 b5 22. Nb6 Rad8 23. Rxd8 Rxd8 24. Kc2 Kf7 25. Nc3 b4 26. Nca4 e4 27. c5 e3 28. Bc4+ Ke7 29. Rd1 Bd4 30. Be2 1-0

[Event "Elets-A"]
[Site "Elets"]
[Date "2009.09.18"]
[Round "8"]
[White "Ovod, Evgenija"]
[Black "Ivanov, Oleg"]
[Result "1/2-1/2"]
[WhiteElo "2447"]
[BlackElo "2425"]
[PlyCount "80"]
[EventDate "2009.09.12"]
[EventType "tourn"]
[EventRounds "9"]
[EventCountry "RUS"]
[EventCategory "8"]
[SourceTitle "CBM 132 Extra"]
[Source "ChessBase"]
[SourceDate "2009.11.03"]
[SourceVersion "1"]
[SourceVersionDate "2009.11.03"]
[SourceQuality "1"]

1. d4 d5 2. c4 c6 3. Nf3 Nf6 4. Nc3 dxc4 5. a4 Bf5 6. e3 e6 7. Bxc4 Bb4 8. 0-0 0-0 9. Nh4 Nbd7 10. f3 Bg6 11. Nxg6 hxg6 12. e4 e5 13. Be3 Qe7 14. Ne2 Rad8 15. Qc2 exd4 16. Nxd4 Nd5 17. Bf2 Nf4 18. Kh1 Ne5 19. g3 Nh5 20. Be2 c5 21. Nb3 Nf6 22. f4 Nc6 23. e5 Nd7 24. a5 Rfe8 25. a6 b6 26. Bb5 Rc8 27. Qe4 Ndb8 28. Rad1 Red8 29. Rxd8+ Nxd8 30. Rd1 Ne6 31. Kg2 Rd8 32. Rxd8+ Qxd8 33. Qb7 Nc7 34. Bc4 Nbxa6 35. Bxa6 Nxa6 36. Qxa6 Qd5+ 37. Kg1 Qxb3 38. Qc8+ Kh7 39. Qh3+ Kg8 40. Qc8+ Kh7 1/2-1/2

[Event "Elets-A"]
[Site "Elets"]
[Date "2009.09.17"]
[Round "7"]
[White "Ivanov, Oleg"]
[Black "Kargin, Arseny"]
[Result "1-0"]
[WhiteElo "2425"]
[BlackElo "2396"]
[PlyCount "95"]
[EventDate "2009.09.12"]
[EventType "tourn"]
[EventRounds "9"]
[EventCountry "RUS"]
[EventCategory "8"]
[SourceTitle "CBM 132 Extra"]
[Source "ChessBase"]
[SourceDate "2009.11.03"]
[SourceVersion "1"]
[SourceVersionDate "2009.11.03"]
[SourceQuality "1"]

1. e4 c5 2. Nf3 d6 3. d4 cxd4 4. Nxd4 Nf6 5. f3 Nc6 6. c4 Nxd4 7. Qxd4 g6 8. Be3 Bg7 9. Nc3 0-0 10. Qd2 Be6 11. Be2 Qa5 12. 0-0 Rfc8 13. Rfc1 Qd8 14. b3 Nd7 15. Rab1 a5 16. Nd5 Nc5 17. Rd1 Bxd5 18. Qxd5 Qc7 19. Bf1 Ra6 20. Qd2 Rca8 21. Rdc1 Rc6 22. Qf2 Qd8 23. Rd1 e5 24. g3 Qe7 25. Rd5 Ne6 26. Qe1 b6 27. Rdd1 Rf8 28. Qd2 Nd4 29. Kg2 Kh8 30. Bd3 Ne6 31. Rf1 Qb7 32. Kg1 Rc7 33. Be2 Nd4 34. Rbd1 Rfc8 35. Bd3 Rf8 36. Rf2 f5 37. Bxd4 exd4 38. exf5 gxf5 39. f4 Re7 40. Re2 Re4 41. Rde1 Rfe8 42. Bxe4 fxe4 43. Qc2 Bf6 44. Rxe4 Rf8 45. Re8 Rxe8 46. Rxe8+ Kg7 47. Qe4 Qc7 48. Qe6 1-0

[Event "Elets-A"]
[Site "Elets"]
[Date "2009.09.15"]
[Round "4"]
[White "Gubajdullin, Alexey"]
[Black "Ivanov, Oleg"]
[Result "0-1"]
[WhiteElo "2455"]
[BlackElo "2425"]
[PlyCount "58"]
[EventDate "2009.09.12"]
[EventType "tourn"]
[EventRounds "9"]
[EventCountry "RUS"]
[EventCategory "8"]
[SourceTitle "CBM 132 Extra"]
[Source "ChessBase"]
[SourceDate "2009.11.03"]
[SourceVersion "1"]
[SourceVersionDate "2009.11.03"]
[SourceQuality "1"]

1. e4 e5 2. Nf3 Nf6 3. d4 Nxe4 4. dxe5 Bc5 5. Qd5 Bxf2+ 6. Kd1 f5 7. Bc4 Qe7 8. Nc3 c6 9. Qd3 b5 10. Bb3 Na6 11. Nxe4 fxe4 12. Qe2 Bc5 13. Ng5 Qxe5 14. Nf7 Qd4+ 15. Ke1 0-0 16. Ne5+ d5 17. Nxc6 Qf2+ 18. Qxf2 Bxf2+ 19. Kd2 Be6 20. c3 e3+ 21. Ke2 Bg4+ 22. Kd3 Nc5+ 23. Kd4 Nxb3+ 24. axb3 Rae8 25. Kxd5 Rf5+ 26. Kd6 Rf6+ 27. Kd5 Be6+ 28. Kc5 e2+ 29. Kxb5 Bd7 0-1

[Event "EU-Cup 19th"]
[Site "Rethymno"]
[Date "2003.10.01"]
[Round "4.5"]
[White "Ivanov, Oleg"]
[Black "Filippov, Valerij"]
[Result "0-1"]
[WhiteElo "2457"]
[BlackElo "2630"]
[PlyCount "66"]
[EventDate "2003.09.28"]
[EventType "team-swiss"]
[EventRounds "7"]
[EventCountry "GRE"]
[SourceTitle "CBM 098"]
[Source "ChessBase"]
[SourceDate "2004.02.03"]
[SourceVersion "1"]
[SourceVersionDate "2004.02.03"]
[SourceQuality "1"]
[WhiteTeam "Momot Alexander"]
[BlackTeam "Tomsk 400"]
[WhiteTeamCountry "UKR"]
[BlackTeamCountry "RUS"]

1. e4 c5 2. Nf3 Nc6 3. d4 cxd4 4. Nxd4 Nf6 5. Nc3 e5 6. Ndb5 d6 7. Bg5 a6 8. Na3 b5 9. Bxf6 gxf6 10. Nd5 f5 11. exf5 Bxf5 12. c3 Bg7 13. Nc2 Be6 14. Nce3 Ne7 15. g3 Nxd5 16. Nxd5 0-0 17. Bg2 a5 18. 0-0 Rb8 19. Qd2 f5 20. Ne3 Kh8 21. Bd5 Bd7 22. Rfb1 f4 23. Ng2 Rf6 24. Qe2 Qb6 25. Rf1 Rbf8 26. gxf4 exf4 27. Qf3 Rh6 28. Kh1 Qd8 29. Rg1 Rh3 30. Qe4 Qg5 31. Be6 Rxh2+ 32. Kxh2 Qh6+ 33. Nh4 Qxh4+ 0-1

[Event "EU-Cup 19th"]
[Site "Rethymno"]
[Date "2003.09.29"]
[Round "2.5"]
[White "Kounalakis, Evryklis"]
[Black "Ivanov, Oleg"]
[Result "0-1"]
[WhiteElo "2158"]
[BlackElo "2457"]
[PlyCount "50"]
[EventDate "2003.09.28"]
[EventType "team-swiss"]
[EventRounds "7"]
[EventCountry "GRE"]
[SourceTitle "CBM 098"]
[Source "ChessBase"]
[SourceDate "2004.02.03"]
[SourceVersion "1"]
[SourceVersionDate "2004.02.03"]
[SourceQuality "1"]
[WhiteTeam "Heraklion OAA"]
[BlackTeam "Momot Alexander"]
[WhiteTeamCountry "GRE"]
[BlackTeamCountry "UKR"]

1. d4 f5 2. c4 Nf6 3. g3 e6 4. Bg2 c6 5. Nf3 d5 6. Nc3 Bd6 7. e3 0-0 8. 0-0 b6 9. b3 Qe7 10. Qc2 Bb7 11. Bb2 Ne4 12. Nd2 Nxc3 13. Bxc3 Nd7 14. f3 c5 15. Rae1 Rac8 16. Qb1 Ba6 17. e4 cxd4 18. Bxd4 Bc5 19. Qb2 fxe4 20. fxe4 dxc4 21. Nxc4 Bxc4 22. bxc4 Ne5 23. Rxf8+ Rxf8 24. Rf1 Rxf1+ 25. Kxf1 Qd6 0-1

[Event "EU-Cup 19th"]
[Site "Rethymno"]
[Date "2003.09.28"]
[Round "1.5"]
[White "Ivanov, Oleg"]
[Black "Zsifkovits, Robert"]
[Result "1-0"]
[WhiteElo "2457"]
[BlackElo "2118"]
[PlyCount "41"]
[EventDate "2003.09.28"]
[EventType "team-swiss"]
[EventRounds "7"]
[EventCountry "GRE"]
[SourceTitle "CBM 098"]
[Source "ChessBase"]
[SourceDate "2004.02.03"]
[SourceVersion "1"]
[SourceVersionDate "2004.02.03"]
[SourceQuality "1"]
[WhiteTeam "Momot Alexander"]
[BlackTeam "Tschaturanga"]
[WhiteTeamCountry "UKR"]
[BlackTeamCountry "AUT"]

1. e4 e5 2. Nf3 Nf6 3. Nxe5 d6 4. Nf3 Nxe4 5. c4 Be7 6. d4 0-0 7. Bd3 d5 8. 0-0 Nc6 9. Nc3 Nxc3 10. bxc3 dxc4 11. Bxc4 Na5 12. Bd3 Be6 13. Re1 Nc6 14. Rb1 Rb8 15. Rb2 Bd5 16. Be3 Bf6 17. Nd2 Be6 18. Qb1 Na5 19. Rb5 c5 20. Bxh7+ Kh8 21. Rxc5 1-0

[Event "UKR-chT 8th"]
[Site "Alushta"]
[Date "2000.04.14"]
[Round "5"]
[White "Ivanov, Oleg"]
[Black "Bardjuzha, Vitaly"]
[Result "1-0"]
[WhiteElo "2425"]
[BlackElo "2126"]
[PlyCount "47"]
[EventDate "2000.04.10"]
[EventType "team-swiss"]
[EventRounds "9"]
[EventCountry "UKR"]
[SourceTitle "EXT 2019"]
[Source "ChessBase"]
[SourceDate "2018.10.10"]
[SourceVersion "1"]
[SourceVersionDate "2018.10.10"]
[SourceQuality "1"]
[WhiteTeam "Donetsk region Momot"]
[BlackTeam "Pavlograd Tura"]
[WhiteTeamCountry "UKR"]
[BlackTeamCountry "UKR"]

1. e4 e5 2. Nf3 Nc6 3. Bc4 h6 4. 0-0 Nf6 5. d4 Nxe4 6. dxe5 Nc5 7. Nc3 d6 8. Bf4 Be6 9. Nd5 Qd7 10. Qe2 0-0-0 11. exd6 Bxd6 12. Bxd6 Qxd6 13. Rad1 Na5 14. Ne3 Qb6 15. Bxe6+ Nxe6 16. Ne5 f6 17. Nd5 Rxd5 18. Rxd5 fxe5 19. Rxe5 Re8 20. Re1 Kd7 21. Qd3+ Kc8 22. Rxe6 Qxe6 23. Rxe6 Rxe6 24. Qf5 1-0

[Event "UKR-chT 8th"]
[Site "Alushta"]
[Date "2000.04.13"]
[Round "4"]
[White "Ivanov, Oleg"]
[Black "Shneider, Aleksandr"]
[Result "1/2-1/2"]
[WhiteElo "2425"]
[BlackElo "2551"]
[PlyCount "133"]
[EventDate "2000.04.10"]
[EventType "team-swiss"]
[EventRounds "9"]
[EventCountry "UKR"]
[SourceTitle "EXT 2019"]
[Source "ChessBase"]
[SourceDate "2018.10.10"]
[SourceVersion "1"]
[SourceVersionDate "2018.10.10"]
[SourceQuality "1"]
[WhiteTeam "Donetsk region Momot"]
[BlackTeam "Danko-Donbass Donetsk"]
[WhiteTeamCountry "UKR"]
[BlackTeamCountry "UKR"]

1. e4 c5 2. Nf3 d6 3. d4 cxd4 4. Nxd4 Nf6 5. Nc3 a6 6. Bc4 e6 7. Bb3 b5 8. 0-0 Be7 9. Qf3 Qc7 10. Qg3 Nc6 11. Nxc6 Qxc6 12. Re1 Bb7 13. a3 0-0 14. Bh6 Ne8 15. Rad1 Rd8 16. Rd3 Kh8 17. Bg5 Bxg5 18. Qxg5 Nf6 19. f3 Nd7 20. Red1 Nc5 21. Rd4 Nxb3 22. cxb3 Rd7 23. b4 f6 24. Qd2 Rfd8 25. Kh1 Kg8 26. Rd3 Qb6 27. h3 d5 28. exd5 Bxd5 29. Qf4 Qb7 30. Qe3 Kf7 31. Kg1 Bc6 32. Rxd7+ Rxd7 33. Rxd7+ Qxd7 34. Ne2 e5 35. Qb6 Qb7 36. Qc5 Bd5 37. Nc3 Bc6 38. Qd6 h5 39. Qd2 Qd7 40. Qxd7+ Bxd7 41. Ne4 h4 42. Kf2 Ke7 43. Ke3 Bc8 44. Nc5 Kd6 45. Ke4 f5+ 46. Ke3 g5 47. Nb3 Kd5 48. Kd3 f4 49. Nc5 Bf5+ 50. Ke2 a5 51. Ne4 axb4 52. Nxg5 bxa3 53. bxa3 Kd4 54. Kd2 Bd3 55. Ne6+ Kc4 56. Ng5 Bf1 57. Ke1 Bxg2 58. Kf2 Bh1 59. Kg1 Kb3 60. Kxh1 Kxa3 61. Kg2 b4 62. Kf2 b3 63. Ne4 b2 64. Nd2 Ka2 65. Ke2 b1Q 66. Nxb1 Kxb1 67. Kd1 1/2-1/2

[Event "UKR-chT 8th"]
[Site "Alushta"]
[Date "2000.04.12"]
[Round "3"]
[White "Karlovich, Anastazia"]
[Black "Ivanov, Oleg"]
[Result "0-1"]
[WhiteElo "2242"]
[BlackElo "2425"]
[PlyCount "50"]
[EventDate "2000.04.10"]
[EventType "team-swiss"]
[EventRounds "9"]
[EventCountry "UKR"]
[SourceTitle "EXT 2019"]
[Source "ChessBase"]
[SourceDate "2018.10.10"]
[SourceVersion "1"]
[SourceVersionDate "2018.10.10"]
[SourceQuality "1"]
[WhiteTeam "Chaika Grandmasters' School"]
[BlackTeam "Donetsk region Momot"]
[WhiteTeamCountry "UKR"]
[BlackTeamCountry "UKR"]

1. e4 c5 2. Nf3 Nc6 3. Bb5 Nf6 4. e5 Nd5 5. 0-0 Nc7 6. a4 g6 7. Re1 Bg7 8. c3 0-0 9. b4 cxb4 10. d4 d6 11. Bxc6 bxc6 12. cxb4 Bg4 13. h3 Bxf3 14. Qxf3 dxe5 15. dxe5 Qd4 16. Qc3 Rfd8 17. Bb2 Qxc3 18. Nxc3 Rab8 19. Rac1 Rd3 20. Re4 a5 21. Nb5 cxb5 22. Rxc7 bxa4 23. bxa5 a3 24. Bc3 a2 25. Ra4 Rxc3 0-1

[Event "Kecskemet5"]
[Site "Kecskemet"]
[Date "1992.??.??"]
[Round "?"]
[White "Donko, Matyas"]
[Black "Ivanov, Oleg"]
[Result "0-1"]
[WhiteElo "2230"]
[BlackElo "2430"]
[PlyCount "42"]
[EventDate "1992.??.??"]
[EventType "tourn"]
[EventRounds "13"]
[EventCountry "HUN"]
[EventCategory "4"]
[SourceTitle "EXT 2004"]
[Source "ChessBase"]
[SourceDate "2003.11.25"]
[SourceVersion "1"]
[SourceVersionDate "2003.11.25"]
[SourceQuality "1"]

1. e4 e6 2. d4 d5 3. e5 c5 4. c3 Nc6 5. Nf3 Qb6 6. Be2 cxd4 7. cxd4 Nh6 8. Nc3 Nf5 9. Na4 Qa5+ 10. Kf1 Be7 11. h4 Bd7 12. b3 b5 13. Bd2 Qd8 14. Bxb5 Nxe5 15. Bxd7+ Nxd7 16. g3 0-0 17. Kg2 Nf6 18. Rc1 Ne4 19. Bf4 Bd6 20. Bxd6 Qxd6 21. g4 Ne3+ 0-1

[Event "RUS-chT 01st"]
[Site "Podolsk"]
[Date "1992.??.??"]
[Round "?"]
[White "Dvoirys, Semen I"]
[Black "Ivanov, Oleg"]
[Result "1-0"]
[WhiteElo "2515"]
[BlackElo "2430"]
[PlyCount "141"]
[EventDate "1992.??.??"]
[EventType "team"]
[EventRounds "12"]
[EventCountry "RUS"]
[SourceTitle "EXT 2020"]
[Source "ChessBase"]
[SourceDate "2019.10.17"]
[SourceVersion "1"]
[SourceVersionDate "2019.10.17"]
[SourceQuality "1"]
[WhiteTeam "Cheliabinsk Khorda"]
[WhiteTeamCountry "RUS"]

1. e4 e6 2. d4 d5 3. Nc3 Nf6 4. e5 Nfd7 5. f4 c5 6. Nf3 Nc6 7. Be3 a6 8. Qd2 b5 9. Be2 b4 10. Na4 cxd4 11. Nxd4 Bb7 12. 0-0 Qa5 13. b3 Nc5 14. f5 Ne4 15. Qe1 Nxd4 16. Bxd4 Qc7 17. fxe6 fxe6 18. Bg4 Qc6 19. Rc1 Be7 20. c3 Bg5 21. Be3 Bxe3+ 22. Qxe3 bxc3 23. Nxc3 Qc5 24. Qxc5 Nxc5 25. Ne2 Rc8 26. Nd4 Ke7 27. Rc3 h5 28. Be2 Nd7 29. Rg3 Rhg8 30. Bxh5 Nxe5 31. Re1 Kd6 32. Rge3 g6 33. Bd1 Nc6 34. Rxe6+ Kc5 35. Nf3 Rcd8 36. a3 a5 37. Bc2 Rd6 38. Rxd6 Kxd6 39. h4 Bc8 40. Kf2 Bg4 41. Ke3 Bxf3 42. gxf3 Re8+ 43. Kf2 Rf8 44. Rd1 Ne7 45. Rg1 Rh8 46. Rg4 Ke5 47. b4 axb4 48. axb4 Nf5 49. b5 Nxh4 50. b6 Nf5 51. Bxf5 gxf5 52. Rb4 Rb8 53. b7 Kd6 54. Ke3 Kc5 55. Rb1 d4+ 56. Kd3 Kd5 57. f4 Kc5 58. Rb2 Kd5 59. Rb1 Kc5 60. Rb3 Kd5 61. Rb4 Kc5 62. Rc4+ Kb5 63. Rc1 Kb6 64. Kxd4 Rd8+ 65. Ke5 Kxb7 66. Kxf5 Rf8+ 67. Kg5 Rg8+ 68. Kh6 Rf8 69. Rc4 Kb6 70. Kg7 Rf5 71. Kg6 1-0